| 000 | 00581nam a2200193Ia 4500 | ||
|---|---|---|---|
| 003 | GCL | ||
| 008 | 140319s9999 xx 000 0 ara d | ||
| 040 |
_aGCL / _cGCL |
||
| 082 | 0 | 4 |
_a720.28 _bم ا |
| 100 | 1 | _aمحمد احمد عبدالله | |
| 245 | 1 | 0 |
_aالاظهار المعمارى / _cمحمد احمد عبدالله |
| 260 |
_a[S.N] : _bمكتبة الانجلوالمصرية ، _c1992 |
||
| 300 | _a246 ص | ||
| 490 | _a | ||
| 650 | 0 | 4 | _aالعمارة |
| 650 | 0 | 4 | _aالرسم المعمارى |
| 650 | 0 | 4 | _aالزخرفة المعمارية |
| 942 |
_2ddc _cBK |
||
| 999 |
_c35698 _d35698 |
||